International corporate governance / (Record no. 22039)
[ view plain ]
| 000 -LEADER | |
|---|---|
| fixed length control field | 02164cam a22003135a 4500 |
| 001 - CONTROL NUMBER | |
| control field | 16990890 |
| 005 - DATE AND TIME OF LATEST TRANSACTION | |
| control field | 20201128023756.0 |
| 008 - FIXED-LENGTH DATA ELEMENTS--GENERAL INFORMATION | |
| fixed length control field | 111006s2012 enka frbd 001 0 eng d |
| 010 ## - LIBRARY OF CONGRESS CONTROL NUMBER | |
| LC control number | 2011041569 |
| 020 ## - INTERNATIONAL STANDARD BOOK NUMBER | |
| International Standard Book Number | 0273751255 |
| 020 ## - INTERNATIONAL STANDARD BOOK NUMBER | |
| International Standard Book Number | 9780273751250 |
| 040 ## - CATALOGING SOURCE | |
| Original cataloging agency | DLC |
| Language of cataloging | eng |
| Transcribing agency | DLC |
| Modifying agency | EG-ScBUE |
| 042 ## - AUTHENTICATION CODE | |
| Authentication code | pcc |
| 082 04 - DEWEY DECIMAL CLASSIFICATION NUMBER | |
| Classification number | 338.6 |
| Edition number | 22 |
| Item number | GOE |
| 100 1# - MAIN ENTRY--PERSONAL NAME | |
| Personal name | Goergen, Marc |
| Dates associated with a name | 1968- |
| 9 (RLIN) | 40471 |
| 245 10 - TITLE STATEMENT | |
| Title | International corporate governance / |
| Statement of responsibility, etc | Marc Goergen. |
| 260 ## - PUBLICATION, DISTRIBUTION, ETC. (IMPRINT) | |
| Place of publication, distribution, etc | Harlow, Essex : |
| Name of publisher, distributor, etc | Pearson, |
| Date of publication, distribution, etc | 2012. |
| 300 ## - PHYSICAL DESCRIPTION | |
| Extent | xxii, 311 p. : |
| Other physical details | ill. (some col.) ; |
| Dimensions | 25 cm. |
| 500 ## - GENERAL NOTE | |
| General note | Index : p. 301-311. |
| 500 ## - GENERAL NOTE | |
| General note | Glossary : p. 285-300. |
| 504 ## - BIBLIOGRAPHY, ETC. NOTE | |
| Bibliography, etc | Includes bibliographical references. |
| 505 ## - FORMATTED CONTENTS NOTE | |
| Formatted contents note | Part I -- Introduction to Corporate Governance 1 Defining corporate governance and key theoretical models 2 Corporate control across the world 3 Control versus ownership rights Part II -- International Corporate Governance 4 Taxonomies of corporate governance systems 5 Incentivising managers and the disciplining of badly performing managers 6 Corporate governance, types of financial systems and economic growth 7 Corporate governance regulation in an international context Part III -- Corporate Governance and Stakeholders 8 Corporate social responsibility and socially responsible investment 9 Debtholders 10 Employee rights and voice across corporate governance systems 11 The role of gatekeepers in corporate governance Part IV -- Improving Corporate Governance 12 Corporate governance in emerging markets 13 Contractual corporate governance 14 Corporate governance in initial public offerings 15 Behavioural biases and corporate governance Part V -- Conclusions 16 Learning from Diversity and Future Challenges for Corporate Governance Part VI -- Glossary |
| 650 #7 - SUBJECT ADDED ENTRY--TOPICAL TERM | |
| Topical term or geographic name as entry element | Corporate governance. |
| Source of heading or term | BUEsh |
| 9 (RLIN) | 4335 |
| 650 #7 - SUBJECT ADDED ENTRY--TOPICAL TERM | |
| Topical term or geographic name as entry element | International business enterprises. |
| 9 (RLIN) | 1592 |
| Source of heading or term | BUEsh |
| 651 ## - SUBJECT ADDED ENTRY--GEOGRAPHIC NAME | |
| Source of heading or term | BUEsh |
| 653 ## - INDEX TERM--UNCONTROLLED | |
| Resource For college | Law |
| Arrived date list | July2016 |
| 856 ## - ELECTRONIC LOCATION AND ACCESS | |
| Electronic name | Instructor resources |
| Uniform Resource Identifier | <a href="http://catalogue.pearsoned.co.uk/educator/product/International-Corporate-Governance/9780273751250.page">http://catalogue.pearsoned.co.uk/educator/product/International-Corporate-Governance/9780273751250.page</a> |
| Link text | Instructor manual, test bank and Powerpoint slides. |
| 942 ## - ADDED ENTRY ELEMENTS (KOHA) | |
| Source of classification or shelving scheme | Dewey Decimal Classification |
| Edition | 22 |
| Call number prefix | 338.6 GOE |
| Withdrawn status | Item status | Source of classification or shelving scheme | Damaged status | Not for loan | Vendor | Home library | Current library | Shelving location | Date acquired | Source of acquisition | Cost, normal purchase price | Serial Enumeration / chronology | Total Checkouts | Full call number | Barcode | Date last seen | Cost, replacement price | Koha item type |
|---|---|---|---|---|---|---|---|---|---|---|---|---|---|---|---|---|---|---|
| Dewey Decimal Classification | Baccah | Central Library | Central Library | First floor | 26/07/2016 | Purchase | 352.00 | 26080 | 338.6 GOE | 000032962 | 15/07/2025 | 440.00 | Book - Borrowing |